000 00987nas a2200289 4500
001 BR8401796
003 BR-BrBNA
005 20231205085856.0
007 ta
008 230509b bl.|||p| |||| 00| 00por d
040 _aBR-BrBNA
_bpor
_cBiblioteca Nacional de Agricultura
041 _a(Pt)
072 _aF60
100 1 _aPassos, M.C.
100 1 _aGraner, C.A.F.
100 1 _aZuanon Netto, J.
245 1 _aDigestao sulfurica-perclorica de tecidos vegetais para determinacoes de nitrogenio, fosforo e potassio num unico extrato
246 1 _a[Sulphuric-perchloric digestion of plant material for nitrogen, phosphorus and potassium determination in a single extract]
650 _aNITROGENIO
650 _aFOSFORO
650 _aPOTASSIO
650 _aTECIDO VEGETAL
650 _aDIGESTAO
773 0 _tRevista de Agricultura (Brazil)
_xISSN 0034-7655
_g(Jun 1984), v. 59(2) p. 117-125
_wBR8401796
909 _a202311
_bLúcia
_c55
_dLúcia Elande
942 _2AGRIS
_n0
_cANA
999 _c114458
_d114458